• 首页
  • 本馆介绍
  • 公告通知
  • 最新文献
  • 馆藏检索
  • 电子资源
  • 读者导购
  • 参考咨询
  • 我的图书馆
  • 登录
  • 详细信息显示
  • 放入我的书架
  • 预约/预借图书
  • 作者相关作品
  • 分类相关作品
  • 丛书相关作品
  • 出版社相关作品

书目信息

  • 表格格式
  • 工作单格式
  • 卡片格式
题名:
私董会2.0
    
 
作者: 穆胜 著
分册:  
出版信息: 北京   中国人民大学出版社  2016
页数: 295页
开本: 21cm
丛书名:
单 册:
中图分类: F272.91
科图分类:
主题词: 企业领导学--qi ye ling dao xue--研究
电子资源:
ISBN: 978-7-300-23162-4
000 00854nam0 22002411 450
001 0118172412
005 20170618172412.0
010    @a978-7-300-23162-4@b精装@dCNY49.00
100    @a20160912d2016 em y0chiy50 ea
101 0  @achi
102    @aCN@b110000
105    @ay z 000yy
106    @ar
200 1  @a私董会2.0@Asi dong hui 2.0@dPrivate advisory board 2.0@f穆胜著@zeng
210    @a北京@c中国人民大学出版社@d2016
215    @a295页@d21cm
330    @a本书作者将国内外流行的私人董事会进行了精彩改造和演绎,发展为一种实用的管理工具,为企业和企业家打造出最有效的“新型学习道场”,帮助其快速响应这个巨变的时代。
510 1  @aPrivate advisory board 2.0@zeng
606 0  @a企业领导学@Aqi ye ling dao xue@x研究
690    @aF272.91@v5
701  0 @a穆胜@Amu sheng@4著
801  0 @aCN@bTANGWEI@c20170616
905    @b1009851-6@dF272.91@e1402@f6
    
    私董会2.0=Private advisory board 2.0/穆胜著.-北京:中国人民大学出版社,2016
    295页;21cm
    
    
    ISBN 978-7-300-23162-4(精装):CNY49.00
    本书作者将国内外流行的私人董事会进行了精彩改造和演绎,发展为一种实用的管理工具,为企业和企业家打造出最有效的“新型学习道场”,帮助其快速响应这个巨变的时代。
●
相关链接 在E读中查询图书 在五车中查询图书 在当当中查询图书 在豆瓣中查询图书


正题名:私董会2.0     索取号:F272.91/1402         预约/预借

序号 登录号 条形码 馆藏地/架位号 状态 备注
1 1009851   210098516   第一样本阅览室/ [索取号:F272.91/1402] 在馆    
2 1009852   210098525   教育系资料室/ [索取号:F272.91/1402] 在馆    
3 1009853   210098534   教育系资料室/ [索取号:F272.91/1402] 在馆    
4 1009854   210098543   教育系资料室/ [索取号:F272.91/1402] 在馆    
5 1009855   210098552   第一借阅区/ [索取号:F272.91/1402] 在馆    
6 1009856   210098561   第一借阅区/ [索取号:F272.91/1402] 在馆    
唐山师范学院图书馆 欢迎您!
大连网信软件有限公司© 版权所有